| 000 | nam a22 7a 4500 | ||
|---|---|---|---|
| 999 |
_c30217 _d30217 |
||
| 008 | 190503b xxu||||| |||| 00| 0 eng d | ||
| 020 | _a9966714200 | ||
| 050 |
_aRA 643.5 _b.T7 K3 2007 |
||
| 100 | _aKarani Anne K. | ||
| 245 |
_aCommon Communicable and Tropical Diseases _ba handbook for nurses |
||
| 300 |
_aiii, 167pgs. : _bill, ; _c25cm. |
||
| 440 | _aCommon Communicable and Tropical Diseases | ||
| 500 | _ainclude bibliography | ||
| 650 | _acommon communicable and tropical diseases | ||
| 942 |
_2lcc _cBOOKS |
||